Wakil pilihan rakyat : direktori Ahli Dewan Rakyat & Ahli Dewan Undangan Negeri 2004 - 2009

Bibliographic Details
Format: Book
Published: Kuala Lumpur : Kaedah Kota Management , 2005
Subjects:

MARC

LEADER 00000cam a2200000 7i4500
001 0000003306
005 20050823.0
022 0 0 |a 1823-2639 
090 0 0 |a 923.2595025   |b WAK 
245 1 0 |a Wakil pilihan rakyat :   |b direktori Ahli Dewan Rakyat & Ahli Dewan Undangan Negeri 2004 - 2009 
260 0 0 |a Kuala Lumpur :   |b Kaedah Kota Management ,   |c 2005 
300 |a 480ms. :   |b il., gambar foto (bwrn.) ;   |c 26cm. 
650 0 0 |a Politicians   |z Malaysia   |x Biography   |x Directories 
650 0 0 |a Statesmen   |z Malaysia   |x Biography   |x Directories 
999 |a 0000006262   |b Monograph   |c Open Shelf   |e Default branch